[Event "Titled Tue 20th May Early"]
[Site "chess.com INT"]
[Date "2025.05.20"]
[Round "4"]
[White "Omariev, Maksim"]
[Black "Volkov, Maksim"]
[Result "0-1"]
[WhiteTitle "FM"]
[BlackTitle "FM"]
[WhiteElo "2304"]
[BlackElo "2370"]
[WhiteFideId "4193423"]
[BlackFideId "54123070"]
[EventDate "2025.05.20"]

1. b3 e5 2. Bb2 Nc6 3. c4 Nf6 4. Nc3 g6 5. g3 Bg7 6. Bg2 O-O 7. e3 Re8 8. Nge2
e4 9. d3 exd3 10. Qxd3 d6 11. O-O Bf5 12. Qd2 Qd7 13. Rfe1 Rab8 14. Rad1 Bg4 15.
Rc1 Ne5 16. Nd4 c5 17. Ndb5 Nf3+ 18. Bxf3 Bxf3 19. Ne2 Ne4 20. Qc2 Bxb2 21. Qxb2
Ng5 22. Rcd1 Bc6 23. Nf4 Nf3+ 24. Kf1 Nxh2+ 25. Ke2 Bf3+ 26. Kd2 Bxd1 27. Rxd1
Nf3+ 28. Kc1 a6 29. Nd5 Qh3 30. Nf6+ Kf8 31. Nxd6 Red8 32. e4 Nd4 33. e5 Qh6+
34. f4 Qh3 35. Qf2 Qxg3 36. Qxg3 Ne2+ 37. Kd2 Nxg3 38. Ke3 Nf5+ 39. Ke4 Nxd6+
40. exd6 Kg7 41. Ng4 f5+ 42. Kd5 fxg4 43. Re1 g3 44. Re7+ Kf6 45. Re3 g2 46. Rg3
Rd7 47. Rxg2 Rbd8 48. Kxc5 Rxd6 49. f5 gxf5 50. Rh2 Kg7 51. a3 f4 52. Rg2+ Rg6
53. Rf2 Rf8 54. Kd4 f3 55. Ke4 Re6+ 56. Kd3 Re2 57. Rf1 Ra2 58. a4 Rf2 59. Rxf2
Kg6 60. Ke4 Kg5 61. Rxf3 Rxf3 62. Kxf3 a5 63. c5 Kf5 64. b4 axb4 65. c6 bxc6 66.
a5 b3 67. a6 b2 68. a7 b1=Q 69. a8=Q Qe4+ 70. Kg3 Qf4+ 71. Kg2 Qe4+ 72. Kg3 Qd3+
73. Kg2 Qd5+ 74. Kg3 h5 75. Qf8+ Ke4 76. Qe8+ Kd4 77. Qa8 c5 78. Qa1+ Kd3 79.
Qd1+ Kc4 80. Qa4+ Kc3 81. Qa3+ Kc2 82. Qa4+ Qb3+ 0-1

[Event "Titled Tue 20th May Early"]
[Site "chess.com INT"]
[Date "2025.05.20"]
[Round "4"]
[White "Odegov, Artem"]
[Black "Bernadskiy, Vitaliy"]
[Result "0-1"]
[WhiteTitle "FM"]
[BlackTitle "GM"]
[WhiteElo "2244"]
[BlackElo "2523"]
[WhiteFideId "34183644"]
[BlackFideId "14100371"]
[EventDate "2025.05.20"]

1. d4 Nf6 2. Nf3 h6 3. g3 d5 4. c4 e6 5. Bg2 Bd6 6. O-O Nc6 7. Nbd2 O-O 8. a3 a5
9. Qc2 Re8 10. Re1 e5 11. dxe5 Nxe5 12. Nxe5 Bxe5 13. cxd5 Nxd5 14. Nc4 c6 15.
Nxe5 Rxe5 16. e4 Nf6 17. Bf4 Re8 18. Rad1 Qb6 19. Be3 Qb5 20. Bd4 Bg4 21. f3 Be6
22. Qc3 Nh5 23. Bf1 Qb3 24. g4 Qxc3 25. Bxc3 Nf4 26. h4 a4 27. Kf2 Bb3 28. Rd7
b5 29. Kg3 Ne6 30. Rd6 Rac8 31. f4 Red8 32. Rxd8+ Rxd8 33. f5 Nc5 34. e5 Bd5 35.
Kf4 Re8 36. Bb4 Nb3 37. Bd6 g6 38. Bd3 Kg7 39. e6 fxe6 40. Be5+ Kg8 41. fxg6 Nc5
42. Bb1 Rf8+ 43. Kg3 Rf3+ 44. Kh2 Rf2+ 45. Kg1 Rg2+ 46. Kf1 Rxg4 47. Re3 Rxh4
48. Kf2 Rg4 49. g7 Rg2+ 50. Kf1 Rg5 51. Kf2 Nd7 52. Bc3 e5 53. Bc2 Kxg7 54. Bd3
Rg2+ 55. Kf1 Rg5 56. Re2 h5 57. Rf2 Rg4 58. Bd2 Rg6 59. Bxg6 Kxg6 60. Ke1 Nc5
61. Rf1 Nd3+ 62. Ke2 Bc4 63. Ke3 Nxb2 64. Rg1+ Kf5 65. Bc3 Nd3 66. Rg7 Ke6 67.
Rh7 Nf4 68. Rh8 Nd5+ 69. Kd2 e4 70. Rh6+ Kf5 71. Rxh5+ Kg4 72. Re5 Kf4 73. Re8
e3+ 74. Kc2 Kf3 75. Bd4 Ke2 76. Bc5 Bb3+ 77. Kb2 Kd3 78. Rf8 e2 79. Bf2 Kd2 80.
Rc8 Nb6 81. Rd8+ Bd5 82. Rd6 Nc4+ 0-1

[Event "Titled Tue 20th May Early"]
[Site "chess.com INT"]
[Date "2025.05.20"]
[Round "4"]
[White "Newansa, M Esandi"]
[Black "Kononenko, Dmitry2"]
[Result "1/2-1/2"]
[WhiteTitle "WCM"]
[BlackTitle "FM"]
[WhiteElo "1947"]
[BlackElo "2205"]
[WhiteFideId "9999060"]
[BlackFideId "14113538"]
[EventDate "2025.05.20"]

1. d4 Nf6 2. Bf4 d5 3. e3 c5 4. c3 cxd4 5. exd4 Nc6 6. Nd2 Bg4 7. Qb3 Qd7 8.
Ngf3 Bxf3 9. Nxf3 e6 10. Ne5 Qc8 11. Qa4 a6 12. Bd3 Nd7 13. Nf3 Be7 14. O-O h6
15. Qc2 O-O 16. b4 Nb6 17. a4 Nc4 18. Bxc4 dxc4 19. Nd2 b5 20. a5 Rd8 21. Nf3
Bf6 22. Rad1 Ne7 23. Nd2 Nd5 24. Bg3 Bxd4 25. cxd4 Nxb4 26. Qc3 Nd5 27. Qa1 b4
28. Rc1 c3 29. Nb3 Qc4 30. Qa2 Rac8 31. Rc2 Ne7 32. Rfc1 Rd5 33. f3 h5 34. Bf2
Qb5 35. Nc5 Rdxc5 36. dxc5 b3 37. Qb1 bxc2 38. Qxc2 Nd5 39. Ra1 Rxc5 40. Bxc5
Qxc5+ 41. Kh1 g6 42. Ra4 Qe3 43. Re4 Qc5 44. h3 Qxa5 45. Re1 Qc5 46. Ra1 a5 47.
Ra4 Nb4 48. Qc1 c2 49. Ra3 Qd4 50. Kh2 Qd1 51. Ra1 Qxc1 52. Rxc1 a4 53. Kg1 a3
54. Kf1 a2 55. Ke2 e5 56. Kd2 f5 57. Ra1 e4 58. Kc3 Nd5+ 59. Kxc2 Ne3+ 60. Kd2
Nxg2 61. fxe4 fxe4 62. Rxa2 Nf4 63. Ke3 Nxh3 64. Kxe4 Kg7 65. Rh2 Ng5+ 66. Kf4
Ne6+ 67. Ke5 Ng5 68. Rg2 Nf7+ 69. Ke6 Nh6 70. Ra2 Ng4 71. Ra7+ Kh6 72. Ra4 Kg5
73. Kd5 h4 74. Ke4 h3 75. Kf3 Ne5+ 76. Kg3 h2 77. Kxh2 Kf5 78. Kg3 g5 79. Kg2
Ng6 80. Kg3 Ne5 81. Kg2 Ng6 82. Kg3 Nf4 83. Kf3 Ng6 84. Kg3 1/2-1/2

[Event "Titled Tue 20th May Early"]
[Site "chess.com INT"]
[Date "2025.05.20"]
[Round "4"]
[White "Pribelszky, Bence"]
[Black "Masague Artero, Guerau"]
[Result "1-0"]
[WhiteTitle "IM"]
[BlackTitle "FM"]
[WhiteElo "2400"]
[BlackElo "2326"]
[WhiteFideId "769738"]
[BlackFideId "32098952"]
[EventDate "2025.05.20"]

1. Nf3 d5 2. c4 e6 3. e3 Nf6 4. Nc3 Be7 5. b3 O-O 6. Bb2 c5 7. cxd5 exd5 8. d4
Nc6 9. Bb5 Bg4 10. Bxc6 bxc6 11. dxc5 Bxc5 12. h3 Bh5 13. O-O Re8 14. Rc1 Bd6
15. Ne2 Rc8 16. Ned4 Qd7 17. Qd3 c5 18. Nf5 Bg6 19. N3h4 Be5 20. Bxe5 Rxe5 21.
Nxg6 hxg6 22. Ng3 g5 23. Rfd1 Qd6 24. Nf5 Qe6 25. g4 Ne4 26. Kg2 Qf6 27. Qe2 g6
28. Ng3 Nd6 29. Qf3 Qe6 30. Rd2 Nb5 31. a4 Nd6 32. Rdc2 c4 33. bxc4 dxc4 34. Ne2
Ne4 35. Nd4 Qd5 36. Kg1 c3 37. Qe2 Ree8 38. Qb5 Qd6 39. Ne2 Kg7 40. Nxc3 Nxc3
41. Rxc3 Rxc3 42. Qb2 Qe5 43. Qxc3 Qxc3 44. Rxc3 Re4 45. Ra3 Rb4 46. Kg2 a5 47.
Kf3 Kf6 48. Ke2 Rb2+ 49. Kf3 Rb4 50. Ra2 Ke5 51. Ke2 f5 52. f3 Kf6 53. Ra3 Ke5
54. Kd3 Kf6 55. Rc3 Ke6 56. Rc6+ Ke5 57. Rxg6 Rxa4 58. Rxg5 Ra3+ 59. Kd2 Kf6 60.
Rxf5+ Ke6 61. h4 Ra2+ 62. Kd3 a4 63. Ra5 a3 64. Ke4 Rh2 65. Rxa3 Rxh4 66. Ra6+
Kf7 67. Ra5 Kf6 68. Rf5+ Kg6 69. Rf4 Rh1 70. Rf5 Ra1 71. Kf4 Ra3 72. e4 Rb3 73.
Ra5 Rb6 74. e5 Rb4+ 75. Kg3 Kg5 76. f4+ Kg6 77. Ra6+ Kf7 78. g5 Rb1 79. Kg4 Kg7
80. Kf5 Kf7 81. Ra7+ Kg8 82. g6 Rb6 83. e6 Rb4 84. e7 Rb8 85. Rd7 Re8 86. Rd8
Kg7 87. Rxe8 Kh6 88. Rh8+ Kg7 89. Rh7+ Kg8 90. e8=Q# 1-0

[Event "Titled Tue 20th May Early"]
[Site "chess.com INT"]
[Date "2025.05.20"]
[Round "4"]
[White "Dinesh, Rajan M"]
[Black "Toncheva, Nadya"]
[Result "1/2-1/2"]
[WhiteTitle "CM"]
[BlackTitle "FM"]
[WhiteElo "2133"]
[BlackElo "2332"]
[WhiteFideId "35060600"]
[BlackFideId "2924056"]
[EventDate "2025.05.20"]

1. e4 c5 2. Nf3 Nc6 3. d4 cxd4 4. Nxd4 g6 5. c4 Bg7 6. Be3 Nf6 7. Nc3 O-O 8. Be2
d6 9. O-O Bd7 10. Rc1 Nxd4 11. Bxd4 Bc6 12. f3 Nd7 13. Nd5 Bxd5 14. Bxg7 Kxg7
15. exd5 Qb6+ 16. Kh1 Rac8 17. Qd2 a5 18. b3 Qb4 19. Qb2+ Kg8 20. a3 Qb6 21. f4
Nc5 22. b4 axb4 23. axb4 Ne4 24. Bd3 f5 25. Rce1 Qa6 26. Bxe4 fxe4 27. Rxe4 Rxc4
28. Rxe7 Rd4 29. b5 Qa4 30. Qe2 Rdxf4 31. Qe6+ Kh8 32. Rg1 Qd4 33. h3 Rf1 34.
Qe3 Rxg1+ 35. Kxg1 Qxd5 36. Qh6 Qd4+ 37. Kh2 Qf4+ 38. Qxf4 Rxf4 39. Rxb7 Rb4 40.
Kg3 Rb2 41. Kf3 Kg8 42. g4 Rb3+ 43. Ke4 Rxh3 44. Kd5 Rb3 45. Kxd6 h5 46. g5 h4
47. Ke6 h3 48. Kf6 h2 49. Kxg6 Kf8 50. Rb8+ Ke7 51. Rh8 Rb2 52. Kg7 Rxb5 53. g6
Rb2 54. Rh3 Rg2 55. Kh7 Kf6 56. Rf3+ Ke7 57. Rh3 Kf6 58. Rh6 Ke7 59. g7 Kf7 60.
Kh8 Rxg7 61. Rxh2 Rg8+ 62. Kh7 Rg7+ 63. Kh8 Rg8+ 64. Kh7 Rg7+ 65. Kh6 Rg6+ 66.
Kh5 Rf6 67. Ra2 Ke6 68. Ra6+ Ke5 69. Ra5+ Ke6 70. Kg5 Rf8 71. Ra6+ Kd7 72. Ra7+
Kd6 73. Ra1 Kd5 74. Rd1+ Ke5 75. Re1+ Kd5 76. Kg6 Rf2 77. Kg5 Kd4 78. Rd1+ Ke3
79. Rd8 Ke4 80. Re8+ Kd5 81. Re1 Kd4 82. Kg4 Rf8 83. Rd1+ Ke5 84. Re1+ Kd4 85.
Rh1 Rf7 86. Rh5 Rf8 87. Rf5 Rxf5 88. Kxf5 1/2-1/2

[Event "Titled Tue 20th May Early"]
[Site "chess.com INT"]
[Date "2025.05.20"]
[Round "4"]
[White "Avramidou, Anastasia"]
[Black "Moghaddamian, Afshin"]
[Result "0-1"]
[WhiteTitle "FM"]
[BlackTitle "CM"]
[WhiteElo "2294"]
[BlackElo "2126"]
[WhiteFideId "4239873"]
[BlackFideId "12503886"]
[EventDate "2025.05.20"]

1. Nf3 Nf6 2. c4 g6 3. d4 Bg7 4. Nc3 d5 5. h4 c5 6. dxc5 Na6 7. cxd5 O-O 8. e4
Nxc5 9. e5 Ng4 10. Bf4 Nd7 11. Qe2 Qc7 12. g3 Ngxe5 13. Bg2 Nxf3+ 14. Qxf3 Qb6
15. Rb1 Qa6 16. Qe2 Qxe2+ 17. Kxe2 Nb6 18. Rbc1 Bd7 19. Rhe1 Nc4 20. b3 Ne5 21.
Bxe5 Bxe5 22. f4 Bd6 23. Ne4 Bb4 24. Red1 Rac8 25. Kf2 Ba3 26. Rxc8 Rxc8 27. Rd2
Bb4 28. Rb2 Rc1 29. Bf3 Ba3 30. Rd2 Bb4 31. Rb2 a5 32. Kg2 Bb5 33. Rf2 Be1 34.
Rb2 Bf1+ 35. Kh2 Bb4 36. Bg2 Bb5 37. d6 exd6 38. Nf6+ Kg7 39. Nd5 Ba3 40. Rd2
Bc6 41. Ne7 Bb4 42. Re2 Bb5 43. Rf2 Bc5 44. Rd2 Rc3 45. Nd5 Rc1 46. h5 gxh5 47.
Nc7 Bc6 48. Bxc6 bxc6 49. Ne8+ Kf8 50. Nxd6 Bb4 51. Rd3 Rc2+ 52. Kh3 Rxa2 53.
Nf5 Rd2 54. Re3 a4 55. bxa4 Bc5 56. Rb3 Rd8 57. Rc3 Rd5 58. Nh4 Ke7 59. Rb3 Bd4
60. Rb7+ Kf6 61. Nf3 Bc3 62. Rc7 c5 63. a5 Bxa5 64. Rc6+ Kf5 65. Nh4+ Ke4 66. f5
Rd3 67. Kg2 Be1 68. Kf1 Bxg3 69. Ng2 Kf3 70. Ne1+ Bxe1 71. Kxe1 Rd5 72. Rf6 c4
73. Rxf7 c3 74. Rc7 Rxf5 75. Rxc3+ Kg2 76. Rc2+ Kg3 77. Rc3+ Kh2 78. Rc2+ Kg1
79. Rc4 Rg5 80. Rh4 Re5+ 81. Kd2 Kg2 82. Rf4 Kg3 83. Rf7 h4 84. Rg7+ Kh2 85.
Rxh7 h3 86. Rh6 Kg2 87. Rg6+ Kh1 88. Rh6 h2 89. Rh8 Rg5 90. Ke2 Kg2 0-1

[Event "Titled Tue 20th May Early"]
[Site "chess.com INT"]
[Date "2025.05.20"]
[Round "4"]
[White "Tahmasebi, Hamidreza"]
[Black "Shymanskyi, Oleksandr"]
[Result "0-1"]
[WhiteTitle "FM"]
[BlackTitle "FM"]
[WhiteElo "2298"]
[BlackElo "2218"]
[WhiteFideId "12537527"]
[BlackFideId "14168880"]
[EventDate "2025.05.20"]

1. e4 c5 2. Nf3 e6 3. d4 cxd4 4. Nxd4 Nc6 5. c4 Nf6 6. Nc3 Bb4 7. Qd3 Nxd4 8.
Qxd4 Qb6 9. Qxb6 axb6 10. Bd3 Bxc3+ 11. bxc3 d6 12. Be3 Nd7 13. Ke2 Nc5 14. Rhb1
Ra6 15. Rb4 Kd8 16. f4 Kc7 17. e5 Rd8 18. exd6+ Rxd6 19. Bc2 g6 20. Bd4 Rd8 21.
Be5+ Kc6 22. Rab1 f5 23. a4 Nd7 24. Bd4 Nc5 25. Rb5 Re8 26. a5 Rxa5 27. Bxc5
Rxb5 28. Ba4 Kxc5 29. Rxb5+ Kxc4 30. Kd2 Rd8+ 31. Kc2 Bd7 32. Rb4+ Kc5 33. Bb3
b5 34. Rd4 Kc6 35. Bxe6 Kc7 36. Bb3 Re8 37. Kd2 Bc6 38. g3 Re7 39. Rd3 Kb6 40.
Rd4 Kc5 41. Bc2 Re8 42. Bd3 Ra8 43. Rb4 Ra2+ 44. Ke3 Ra3 45. Kd2 Ra2+ 46. Ke3
Rxh2 47. Bf1 Rc2 48. Rb3 Rc1 49. Be2 Rg1 50. Ra3 Rxg3+ 51. Kd2 Rg2 52. Ke3 Rg1
53. Ra8 Rc1 54. Kd2 Rh1 55. Rh8 Rh2 56. Ke3 b4 57. cxb4+ Kxb4 58. Rc8 Kc5 59.
Rc7 Kd6 60. Rg7 b5 61. Rg8 Kc5 62. Rb8 Rh3+ 63. Kd2 b4 64. Rc8 Kb6 65. Rb8+ Bb7
66. Bf1 Rh2+ 67. Ke3 b3 68. Bd3 b2 69. Kd4 Kc7 70. Rf8 Rd2 71. Rf7+ Kb6 72. Kc3
Rxd3+ 73. Kxb2 Rd4 74. Rxh7 Rxf4 75. Rg7 Rg4 76. Kc3 f4 77. Kd2 f3 78. Ke3 Re4+
79. Kf2 Re2+ 80. Kf1 Rg2 81. Rf7 Ba6+ 82. Ke1 Re2+ 83. Kd1 Re6 84. Kd2 Be2 85.
Rf8 Kc5 86. Rf4 g5 87. Rf5+ Kd4 88. Ke1 g4 89. Kf2 Re4 90. Rf8 Bc4 91. Rd8+ Bd5
92. Rg8 Re2+ 93. Kf1 Rg2 94. Rf8 g3 95. Rf4+ Be4 0-1

[Event "Titled Tue 20th May Early"]
[Site "chess.com INT"]
[Date "2025.05.20"]
[Round "4"]
[White "Roberson, Peter T"]
[Black "Ibarra Jerez, Jose Carlos"]
[Result "1/2-1/2"]
[WhiteTitle "IM"]
[BlackTitle "GM"]
[WhiteElo "2440"]
[BlackElo "2545"]
[WhiteFideId "412384"]
[BlackFideId "2226332"]
[EventDate "2025.05.20"]

1. d4 Nf6 2. Nf3 g6 3. Nbd2 Bg7 4. e4 d6 5. Bd3 O-O 6. O-O c5 7. dxc5 dxc5 8.
Re1 Nc6 9. h3 Qc7 10. a4 Nh5 11. Nc4 Be6 12. c3 Rad8 13. Qc2 Nf4 14. Bf1 h6 15.
e5 Bf5 16. Qb3 Nd3 17. Bxd3 Rxd3 18. Bf4 Be6 19. Qb5 b6 20. a5 Rb8 21. axb6 axb6
22. Ne3 Rdd8 23. Bg3 Na5 24. Rad1 Qc6 25. Qxc6 Nxc6 26. c4 Nd4 27. Nxd4 cxd4 28.
Nc2 d3 29. Nb4 Rbc8 30. b3 b5 31. Rxd3 Rxd3 32. Nxd3 bxc4 33. bxc4 Rxc4 34. Nf4
Bf5 35. Nd5 Bf8 36. f4 Be6 37. Ne3 Ra4 38. Kf2 h5 39. Kf3 Bh6 40. Bh2 Bd7 41.
Rc1 Ra6 42. g4 Bc6+ 43. Kg3 hxg4 44. hxg4 Be4 45. Rc4 Bh1 46. Rc1 Be4 47. Rc4
Bc6 48. Bg1 Kh7 49. Bf2 e6 50. Rc1 Bf8 51. g5 Kg7 52. Rc3 Bb4 53. Rb3 Bd2 54.
Ng4 Ra4 55. Be3 Bd5 56. Rb1 Ra3 57. Kf2 Bxe3+ 58. Nxe3 Ra2+ 59. Kg3 Ra3 60. Re1
Be4 61. Kf2 Ra2+ 62. Re2 Ra3 63. Re1 Rc3 64. Re2 Rd3 65. Re1 Bb7 66. Re2 Rd7 67.
Rb2 Be4 68. Ng4 Rc7 69. Nf6 Bb7 70. Rd2 Rc8 71. Rd1 Bc6 72. Rd2 Bb7 73. Kg3 Ba6
74. Rh2 Rh8 75. Rxh8 Kxh8 76. Kf3 Kg7 77. Ke3 Kf8 78. Kd4 Ke7 79. Kc5 Bb7 80.
Kb6 Bf3 81. Kc7 Bd1 82. Ng8+ Kf8 83. Nf6 Ke7 84. Ne4 Bf3 85. Nd6 Bd5 86. Nc8+
Ke8 87. Kd6 Bb7 88. Nb6 Bf3 89. Na4 Kd8 90. Nc5 Bg2 91. Nd3 Bh1 92. Nf2 Bf3 93.
Nd3 Bg2 94. Nc5 Bf3 95. Nd7 Bg2 96. Nf6 Bf3 97. Nh7 Bg2 98. Nf8 Bf3 99. Nh7 Bg2
100. Nf6 Bf3 101. Ng8 Bg2 102. Ne7 Bf3 103. Nc6+ Ke8 104. Nd4 Bg2 105. Kc7 Ke7
106. Nb5 Be4 107. Na7 Bg2 108. Nc8+ Ke8 109. Nd6+ Ke7 110. Nc8+ Ke8 111. Nd6+
Ke7 112. Nc8+ 1/2-1/2

[Event "Titled Tue 20th May Early"]
[Site "chess.com INT"]
[Date "2025.05.20"]
[Round "4"]
[White "Pulpan, Jakub"]
[Black "Drygalov, Sergey"]
[Result "1/2-1/2"]
[WhiteTitle "IM"]
[BlackTitle "GM"]
[WhiteElo "2405"]
[BlackElo "2560"]
[WhiteFideId "302759"]
[BlackFideId "24171743"]
[EventDate "2025.05.20"]

1. Nf3 d5 2. e3 Nf6 3. c4 c6 4. b3 e6 5. Bb2 Bd6 6. Be2 Nbd7 7. O-O e5 8. cxd5
cxd5 9. Qc1 e4 10. Nd4 Ne5 11. Ba3 O-O 12. Nb5 Bxa3 13. Qxa3 Bg4 14. Bxg4 Nfxg4
15. h3 a6 16. Nd4 Nf6 17. Nc3 Nd3 18. Nce2 Rc8 19. Nc1 Ne5 20. Nce2 Nd3 21. Nc1
Nc5 22. Qb2 Qd7 23. Rd1 Rc7 24. d3 Rfc8 25. dxe4 dxe4 26. a4 Nd5 27. a5 Nb4 28.
Qa3 Ncd3 29. Nxd3 Nxd3 30. Ne2 Qe6 31. Nf4 Nxf4 32. exf4 e3 33. fxe3 Qxe3+ 34.
Kh1 Qxf4 35. Qd6 Qg5 36. Qd5 Qf6 37. Qd6 Qxd6 38. Rxd6 g6 39. Re1 Kf8 40. Rb6
Rd7 41. Re4 Rcc7 42. Kh2 Rd5 43. b4 Kg7 44. Re8 h5 45. Rb8 Rdd7 46. Re8 Re7 47.
Rd8 Rcd7 48. Rc8 Kh6 49. Rc4 Rc7 50. Rxc7 Rxc7 51. b5 axb5 52. Rxb5 f5 53. h4
Rc4 54. g3 Ra4 55. Rxb7 Rxa5 56. Rb4 Ra3 57. Rc4 Re3 58. Kg2 Kg7 59. Kf2 Re5 60.
Rc7+ Kf6 61. Rc6+ Re6 62. Rc5 Re4 63. Rc6+ Kg7 64. Rc8 f4 65. gxf4 Rxf4+ 66. Kg3
Rg4+ 67. Kh3 Kf6 68. Rc6+ Ke5 69. Rc5+ Kd4 70. Ra5 Ke3 71. Ra3+ Ke4 72. Ra4+ Kf3
73. Ra3+ Ke2 74. Ra2+ Kd1 75. Ra1+ Kc2 76. Ra6 Kb3 77. Rc6 Kb4 78. Rf6 Kc5 79.
Ra6 Kd5 80. Ra5+ Ke6 81. Ra6+ Kf7 82. Ra7+ Kf6 83. Ra6+ Kg7 84. Ra7+ Kh6 85. Ra8
Re4 86. Rh8+ Kg7 87. Ra8 Re3+ 88. Kg2 Kf6 89. Ra5 Re5 90. Ra6+ Kf5 91. Kg3 Re3+
92. Kg2 Rc3 93. Ra5+ Kf4 94. Rg5 Rc6 95. Kh2 Kf3 96. Rg3+ Ke4 97. Rg5 Kf4 98.
Kh3 Re6 99. Kh2 Re2+ 100. Kh3 Re3+ 101. Kh2 Re6 102. Kh3 Rf6 103. Kh2 Ke3 104.
Rg3+ Ke2 105. Rg5 Kf3 106. Rg3+ Kf2 107. Rg5 Rf4 108. Rg2+ Kf3 109. Rg3+ Kf2
110. Rg2+ Kf3 111. Rg3+ Ke4 112. Rxg6 Rxh4+ 113. Kg3 Rh1 114. Ra6 h4+ 115. Kg2
Rb1 116. Ra4+ Kf5 117. Rxh4 Kg5 118. Re4 Rb2+ 119. Kf3 Rb3+ 120. Re3 Rxe3+ 121.
Kxe3 1/2-1/2

[Event "Titled Tue 20th May Early"]
[Site "chess.com INT"]
[Date "2025.05.20"]
[Round "5"]
[White "Chekletsov, Ilya"]
[Black "Can, Melih Kaan"]
[Result "1-0"]
[WhiteTitle "IM"]
[BlackTitle "CM"]
[WhiteElo "2338"]
[BlackElo "2171"]
[WhiteFideId "24177156"]
[BlackFideId "6317383"]
[EventDate "2025.05.20"]

1. e4 c5 2. a3 Nc6 3. b4 cxb4 4. axb4 Nxb4 5. c3 Nc6 6. d4 d5 7. exd5 Qxd5 8.
Na3 e5 9. Nb5 Qd8 10. d5 Nce7 11. d6 Nc6 12. Nc7+ Kd7 13. Nxa8 Bxd6 14. Bb5 b6
15. Rxa7+ Ke8 1-0

[Event "Titled Tue 20th May Early"]
[Site "chess.com INT"]
[Date "2025.05.20"]
[Round "5"]
[White "Galchenko, Matvey"]
[Black "Piesik, Piotr"]
[Result "1-0"]
[WhiteTitle "IM"]
[BlackTitle "IM"]
[WhiteElo "2442"]
[BlackElo "2436"]
[WhiteFideId "24175480"]
[BlackFideId "1136194"]
[EventDate "2025.05.20"]

1. f4 d5 2. Nf3 c5 3. g3 Nc6 4. Bg2 Nf6 5. O-O Qc7 6. d3 e5 7. Nc3 d4 8. Nb5 Qb8
9. fxe5 Ng4 10. Bf4 Ngxe5 11. Nxe5 Nxe5 12. e3 Bd7 13. exd4 cxd4 14. Bxe5 1-0

[Event "Titled Tue 20th May Early"]
[Site "chess.com INT"]
[Date "2025.05.20"]
[Round "5"]
[White "Thorhallsson, Simon"]
[Black "Amangeldy, Ernur"]
[Result "0-1"]
[WhiteTitle "FM"]
[BlackTitle "FM"]
[WhiteElo "2218"]
[BlackElo "2231"]
[WhiteFideId "2310090"]
[BlackFideId "13720244"]
[EventDate "2025.05.20"]

1. d4 g6 2. e4 c6 3. Nc3 d6 4. Bg5 Bg7 5. Qd2 Nf6 6. Bh6 Bxh6 7. Qxh6 e5 8. dxe5
dxe5 9. Nf3 Nbd7 10. O-O-O Ng4 11. Qg7 Qf6 12. Qxf6 Ngxf6 13. Nd2 Ng4 14. f3 Nf2
15. Be2 Ke7 16. a4 Nc5 17. Rhf1 Nxd1 18. Rxd1 Be6 19. Bc4 Rhd8 20. Bxe6 Nxe6 21.
Nc4 Rxd1+ 22. Kxd1 Rd8+ 23. Kc1 f6 0-1

[Event "Titled Tue 20th May Early"]
[Site "chess.com INT"]
[Date "2025.05.20"]
[Round "5"]
[White "Zaw, Ye Htut"]
[Black "Sharshenbekov, Emir"]
[Result "0-1"]
[WhiteTitle "CM"]
[BlackTitle "CM"]
[WhiteElo "2180"]
[BlackElo "2091"]
[WhiteFideId "13013955"]
[BlackFideId "13810634"]
[EventDate "2025.05.20"]

1. e4 e6 2. d4 d5 3. Nd2 c5 4. exd5 exd5 5. Bb5+ Nc6 6. Qe2+ Be7 7. dxc5 Nf6 8.
Nb3 O-O 9. Nf3 Re8 10. Be3 a6 11. Bxc6 bxc6 12. O-O-O a5 13. Nfd4 a4 14. Nxc6
axb3 15. Nxd8 bxa2 16. Kd2 Ne4+ 17. Kd3 Ba6+ 0-1

[Event "Titled Tue 20th May Early"]
[Site "chess.com INT"]
[Date "2025.05.20"]
[Round "5"]
[White "Shishkov, Andrei"]
[Black "Montano Vicente, Guadalupe"]
[Result "1-0"]
[WhiteTitle "IM"]
[WhiteElo "2343"]
[BlackElo "1940"]
[WhiteFideId "4500563"]
[BlackFideId "5181399"]
[EventDate "2025.05.20"]

1. d4 Nf6 2. c4 e6 3. Nc3 Bb4 4. Qc2 b6 5. e4 Bb7 6. Bd3 d6 7. Ne2 Nbd7 8. O-O
O-O 9. Bg5 h6 10. Bh4 c5 11. d5 exd5 12. Nxd5 Ba5 13. a3 Bxd5 14. exd5 Ne5 15.
Rab1 Nc6 16. dxc6 1-0

[Event "Titled Tue 20th May Early"]
[Site "chess.com INT"]
[Date "2025.05.20"]
[Round "5"]
[White "Silva Lucena, Cristian"]
[Black "Nitish, Belurkar"]
[Result "0-1"]
[WhiteTitle "FM"]
[BlackTitle "IM"]
[WhiteElo "2257"]
[BlackElo "2454"]
[WhiteFideId "2232588"]
[BlackFideId "5084768"]
[EventDate "2025.05.20"]

1. d4 Nf6 2. c4 g6 3. Nc3 Bg7 4. e4 d6 5. h3 O-O 6. Be3 e5 7. d5 a5 8. g4 c6 9.
g5 Nh5 10. Be2 Nf4 11. Bf3 Qxg5 12. Nge2 Qh4 13. Nxf4 exf4 14. Bd4 Bxd4 15. Qxd4
c5 16. Qd2 Nd7 17. O-O-O Ne5 18. Qe2 Bd7 19. a4 Rae8 20. Rdg1 f5 21. Qd1 Nxc4
22. exf5 Bxf5 23. Bg4 Qxf2 0-1

[Event "Titled Tue 20th May Early"]
[Site "chess.com INT"]
[Date "2025.05.20"]
[Round "5"]
[White "Miszler, Levente"]
[Black "Lisenkov, Svyatoslav"]
[Result "0-1"]
[WhiteTitle "FM"]
[BlackTitle "CM"]
[WhiteElo "2261"]
[BlackElo "2241"]
[WhiteFideId "763276"]
[BlackFideId "34264183"]
[EventDate "2025.05.20"]

1. Nf3 Nf6 2. c4 g6 3. g3 Bg7 4. Bg2 O-O 5. O-O d6 6. Nc3 Nc6 7. d3 e5 8. Rb1 a5
9. a3 Re8 10. e4 Bg4 11. h3 Bxf3 12. Bxf3 Nd4 13. Bg2 Nd7 14. b4 axb4 15. axb4
c6 16. Ne2 Ra2 17. Nxd4 exd4 18. Bf4 Be5 19. Ra1 Rxa1 20. Qxa1 Bxf4 21. gxf4 Qh4
22. Qxd4 Qxf4 23. Qe3 Qxe3 24. fxe3 Ne5 25. Rd1 Ra8 26. b5 c5 27. d4 Nxc4 28. e5
Nxe3 29. Bxb7 Rb8 30. Rd3 Rxb7 31. Rxe3 cxd4 0-1

[Event "Titled Tue 20th May Early"]
[Site "chess.com INT"]
[Date "2025.05.20"]
[Round "5"]
[White "Jacobsen, Mikkel Manosri"]
[Black "Matinian, Nikita"]
[Result "0-1"]
[WhiteTitle "FM"]
[BlackTitle "GM"]
[WhiteElo "2223"]
[BlackElo "2420"]
[WhiteFideId "1444514"]
[BlackFideId "24129100"]
[EventDate "2025.05.20"]

1. d4 Nf6 2. Nf3 e6 3. Bf4 b6 4. e3 Bb7 5. h3 Bd6 6. Be2 Bxf4 7. exf4 c5 8. O-O
cxd4 9. Nxd4 Nc6 10. c4 d5 11. cxd5 Qxd5 12. Bf3 Qd7 13. Qa4 Nxd4 14. Qxd7+ Nxd7
15. Bxb7 Rb8 16. Be4 Ne2+ 17. Kh2 Nxf4 18. Nc3 Ke7 19. a4 Nc5 20. a5 b5 21. Bc2
b4 22. Ne4 b3 23. Nxc5 bxc2 24. Rfc1 Rxb2 25. Na4 Rhb8 26. Nxb2 Rxb2 27. Kg3
Ne2+ 28. Kf3 Nxc1 29. Rxc1 Ra2 30. Ke3 Kd6 31. Kd3 Kd5 32. a6 e5 33. f3 f5 34.
g4 e4+ 35. fxe4+ fxe4+ 36. Ke3 Kc4 37. Kxe4 Kc3 0-1

[Event "Titled Tue 20th May Early"]
[Site "chess.com INT"]
[Date "2025.05.20"]
[Round "5"]
[White "Manukian, Artak"]
[Black "Zmijanac, Dusko"]
[Result "1-0"]
[BlackTitle "FM"]
[WhiteElo "2104"]
[BlackElo "1977"]
[WhiteFideId "13301373"]
[BlackFideId "908762"]
[EventDate "2025.05.20"]

1. e4 Nf6 2. Nc3 d5 3. exd5 Nxd5 4. Bc4 Nb6 5. Bb3 Nc6 6. Qf3 Nd4 7. Qxf7+ Kd7
8. Nf3 Nxb3 9. axb3 c6 10. d4 Qe8 11. Ne5+ Kd8 12. Qf3 Be6 13. O-O g6 14. Ne4
Bg7 15. Ng5 Bd5 16. Ngf7+ Kc7 17. Qg3 Bxe5 18. Qxe5+ Kd7 19. Nxh8 Qxh8 20. Qxh8
Rxh8 21. c4 Be4 22. Rxa7 1-0